00333nam a2200145Ia 4500008004200000041000800042082001200050100001700062245001900079250000900098260004600107300000900153440000600162650001900168240829s19982 xx 000 0 und d ahin a611 GOU aGOUD DAMODAR aABHINAV SHARIR aN.D. aNAGAPURbVAIDYANATH AYURVED BHAVANc19982 a250p v0 aSHARIR-RACHANA